000 00596cam a22002171 4500
001 ca 33000224
003 DLC
005 20260227111127.0
008 801230s1933 nyu 000 0 eng
010 _aca 33000224
035 _a(OCoLC)7040245
040 _aDLC
_cMWalB
_dMWalB
_dDLC
042 _apremarc
050 0 0 _aPS3515.U64
_bY6 1933
100 1 _aHuntington, Archer M.
_q(Archer Milton),
_d1870-1955.
245 1 0 _aYouth
_c[by] Archer Milton Huntington.
260 _aNew York,
_c1933.
300 _a27 p.
_c22 cm.
500 _aPrinted on one side of leaf only.
500 _aA poem.
999 _c17019
_d17019